000 00654nam a2200193 a 4500
001 000026992
005 20200930030532.0
008 110328s1986 dr ac 000 0 spa d
040 _aDO-SdBNP
_bspa
_cBNPHU
100 1 _aHernández, Wilson Roberts
_954092
245 1 0 _aEduardo Brito :
_b1905-1946 /
_cWilson Roberts Hernández.
260 _aSanto Domingo :
_bEditora Taller,
_c1986.
300 _a201 P. :
_bil., retrs. ;
_c21 cm.
490 1 _aBiblioteca Taller
_v222
500 _aIncluye referencias bibliográficas y notas al pie de las páginas
504 _aBibliografía : p. 199 -200
830 0 _aBiblioteca Taller
_v222
_9164
049 _aBNPD
999 _c26484
_d26484